Карта группировки противника, действовавшего и капитулировавшего перед 2-м Дальневосточным фронтом

RUSMARC
00005092cem0a2200361#x 450
0012e5ee26c-7ab7-4b43-af48-f84d2034989a
00520250901170132.0
100##$a20250901j194508##k###0rusy50 ca
1010#$arus
102##$aRU
120##$abyy##########
121##$aa##aаbb#a
1222#$ad19450809##
$ad19450912##
1231#$aa
$b3000000
124##$bd
2001#$aКарта группировки противника, действовавшего и капитулировавшего перед 2-м Дальневосточным фронтом
$j9 августа - 12 сентября 1945 г.
251##$cДокумент
300##$aПодлинник
300##$aМасштаб 1:3 000 000, 30 км в 1 см
461#0$12001
$aФ. 238
$1251
$cФонд
$1852
$j238
462#0$12001
$aОп. 1584
$1251
$cОпись
$1852
$j1584
462#0$12001
$aД. 197
$vЛ. 1
$1251
$cДело
$1852
$j197
60102$2prlib_sh
$3LIBNET\UAF\0000114694
$aДальневосточный фронт
$jКарты
605##$2prlib_sh
$3LIBNET\UAF\0000088514
$aВторая мировая война в архивных документах (Комплекс оцифрованных архивных документов, кино- и фотоматериалов)
$lколлекция
605##$2acquisition_Prlib
$3DITM\AF\0000000338
$aПамять о Великой Победе
$lколлекция
6061#$2nlr_sh
$3RU\NLR\AUTH\66249354
$aСоветско-японская война
$z1945
$jКарты
608##$2prlib_sh
$3DITM\AF\0000000377
$aВоенно-исторические карты
686##$a63.3(2)622,14я64
$2rubbk
$vLBC/M
801#0$aRU
$bПБ им. Б.Н. Ельцина
$c20250901
801#1$aRU
$bПБ им. Б.Н. Ельцина
$c20250901
$2rusmarc
801#2$aRU
$bПБ им. Б.Н. Ельцина
$c20250901
$2rusmarc
850##$aЦентральный архив Министерства обороны Российской Федерации
852##$aЦА МО РФ
$jЛ. 1
035##$aLIBNET\0001495420
937##$d198131163
$hФедеральное архивное агентство
8564#$uhttp://readingroom.main.prlib.ru/item.aspx?id_node=n198131163&mode=full
Формат отображения